01737nam a2200253Ia 4500952009500000952010600095999001700201008004100218020001500259050001900274100002800293240008900321245014400410260003300554300001800587490003100605500009700636500014500733505042500878519006301303650006501366650004501431942000701476 00104070a11b11d2010-02-09l0oLB2910 B3518 p11 008296r2012-06-26t1w2012-06-26yLB 00104070a11b11d2010-02-09l1oLB2910 B3518p11 008297r2016-03-09s2016-03-09t2w2012-06-26yLB c72440d72440120626s1989 sp 000 0 spa d a8475095291 aLB2910bB3518  aBall, Stephen J.eautor aThe micro-politics of the school. Towards a theory of school organizationlespañol aLa micropolítica de la escuelab: Hacia una teoría de la organización escolar c/ Stephen J., Ball; traducción de Néstor Míguez aEspañab: Paidósc, 1989 a301 páginas aTemas de educaciónv: 12 aTítulo original: The micro-politics of the school. Towards a theory of school organization aIncluye: Sumario, Prólogo, Nota ´previa, Agradecimientos, Introducción, Glosario, Bibliografía, Indice de autores, Indice analítico aOrtodoxia y alternativa La política de cambio: algunos estudios de casos La edad y el sexo: el cambio rencoroso La política de liderazgo La dirección: oposición y control La actividad directiva: la sucesión en la dirección y sus dilemas La política de la carrera La carrera de las mujeres y la política sexista Recursos y relaciones Dentro y fuera: la escuela en el contexto político  aMaterial Complementario/ bPedagogía / d(11 008296)  0aEDUCACIÓN MEDIA SUPERIORxADMINISTRACIÓNzGRAN BRETAÑA 0aADMINISTRACIÓN ESCOLARxGRAN BRETAÑA cLB